000 00390nam a2200169Ia 4500
001 15688
003 IN-NITTTR
005 20251114233148.0
008 251113s9999||||xx |||||||||||||| ||eng||
040 _beng
040 _cIN-NITTTR
041 _aeng
082 _a823 D46G
100 _aDesai, Anita
245 0 _aGames at twilight and other stories /
_cDesai, Anita
942 _2ddc
_cBK
999 _c18322
_d18322